| 000 | 00617nam a2200205 a 4500 | ||
|---|---|---|---|
| 005 | 20210219152921.0 | ||
| 008 | 991125n 000 0 spa u | ||
| 035 | _aUPN01000067149 | ||
| 100 | _aREUNION NACIONAL DE ASOCIACIONES CIVILES DE EDUCACION ESPECIAL (1a : DIC. 1975) | ||
| 222 | _aEDUCACION ESPECIAL | ||
| 245 | _aLos centros por cooperación en la educación especial | ||
| 300 | _a11-18 | ||
| 362 | _a1976 Año 3, no. 15 abr.-may. | ||
| 653 | 0 | _aEDUCACION ESPECIAL | |
| 653 | 0 | _aNIÑOS | |
| 653 | 0 | _aDEFICIENCIA MENTAL | |
| 650 | _aDEFICIENTE MENTAL | ||
| 904 |
_aAC _b004960 |
||
| 905 | _aArticulo | ||
| 999 |
_c63835 _d63835 |
||